[Event "NOR-chT Elite 2425"]
[Site "Norway"]
[Date "2025.02.08"]
[Round "5.15"]
[White "Mihajlov, Sebastian"]
[Black "Gvein, Kenneth"]
[Result "1-0"]
[WhiteElo "2361"]
[BlackElo "2152"]
[PlyCount "77"]
[EventDate "2024.10.25"]
[EventType "team-tourn"]
[EventRounds "9"]
[EventCountry "NOR"]
[SourceTitle "CB16_2025"]
[SourceDate "2025.04.16"]
[SourceVersion "1"]
[SourceVersionDate "2025.04.16"]
[SourceQuality "1"]
[WhiteTeam "Barum"]
[BlackTeam "Offerspill"]
[WhiteTeamCountry "NOR"]
[BlackTeamCountry "NOR"]

1. e4 c5 2. Nf3 Nc6 3. d4 cxd4 4. Nxd4 Nf6 5. Nc3 e5 6. Ndb5 d6 7. Bg5 a6 8. Na3 b5 9. Nab1 Be7 10. Bxf6 Bxf6 11. Nd5 0-0 12. a4 b4 13. Bc4 Be6 14. 0-0 Bg5 15. c3 bxc3 16. Nbxc3 Nd4 17. f4 Bh6 18. f5 Bxd5 19. Nxd5 Qh4 20. Qd3 Rab8 21. b4 Nc6 22. Rab1 a5 23. b5 Nd4 24. b6 Bg5 25. b7 Bd8 26. Ba6 Nc6 27. Rfc1 Nb4 28. Nxb4 axb4 29. Rxb4 Ba5 30. Rb5 Qf4 31. Rc2 Be1 32. g3 Qg5 33. Kf1 d5 34. Kxe1 dxe4 35. Qxe4 Rfd8 36. Rxe5 Qf6 37. Bb5 Qd6 38. Kf2 Kf8 39. Re2 1-0

[Event "Mexico City Revolucion op"]
[Site "Mexico City"]
[Date "2024.11.17"]
[Round "7"]
[White "Benitez Lozano, Javier"]
[Black "Mihajlov, Sebastian"]
[Result "1/2-1/2"]
[WhiteElo "2214"]
[BlackElo "2354"]
[PlyCount "40"]
[EventDate "2024.11.13"]
[EventType "swiss"]
[EventRounds "9"]
[EventCountry "MEX"]
[SourceTitle "CB47_2024"]
[SourceDate "2024.11.20"]
[SourceVersion "1"]
[SourceVersionDate "2024.11.20"]
[SourceQuality "1"]

1. d4 Nf6 2. c4 e6 3. Nc3 Bb4 4. e3 0-0 5. Bd3 d5 6. a3 dxc4 7. Bxc4 Bd6 8. Nf3 Nc6 9. e4 e5 10. dxe5 Nxe5 11. Nxe5 Bxe5 12. Qxd8 Rxd8 13. f3 a6 14. Be3 b5 15. Be2 Be6 16. Kf2 Bb3 17. Bd1 Bc4 18. Be2 Bb3 19. Bd1 Bc4 20. Be2 Bb3 1/2-1/2

[Event "Mexico City Revolucion op"]
[Site "Mexico City"]
[Date "2024.11.15"]
[Round "4"]
[White "Montes Orozco, Miguel Angel"]
[Black "Mihajlov, Sebastian"]
[Result "1/2-1/2"]
[WhiteElo "2256"]
[BlackElo "2354"]
[PlyCount "53"]
[EventDate "2024.11.13"]
[EventType "swiss"]
[EventRounds "9"]
[EventCountry "MEX"]
[SourceTitle "CB47_2024"]
[SourceDate "2024.11.20"]
[SourceVersion "1"]
[SourceVersionDate "2024.11.20"]
[SourceQuality "1"]

1. d4 Nf6 2. c4 c6 3. Nf3 d5 4. e3 e6 5. Bd3 Bd6 6. 0-0 0-0 7. b3 c5 8. Bb2 b6 9. Nbd2 Bb7 10. Ne5 cxd4 11. exd4 dxc4 12. Ndxc4 Be7 13. Rc1 Nc6 14. Nxc6 Bxc6 15. Ne5 Bb7 16. Nc6 Qd7 17. Nxe7+ Qxe7 18. Qd2 Qd6 19. f3 Rac8 20. Rxc8 Rxc8 21. Rc1 Rxc1+ 22. Qxc1 h6 23. Qe1 Nd5 24. Qe5 Qd8 25. h4 Qc7 26. Be4 Qc8 27. Bb1 1/2-1/2

[Event "Mexico City Revolucion op"]
[Site "Mexico City"]
[Date "2024.11.13"]
[Round "1"]
[White "Ruiz Bolanos, Eithan"]
[Black "Mihajlov, Sebastian"]
[Result "0-1"]
[WhiteElo "1911"]
[BlackElo "2354"]
[PlyCount "58"]
[EventDate "2024.11.13"]
[EventType "swiss"]
[EventRounds "9"]
[EventCountry "MEX"]
[SourceTitle "CB47_2024"]
[SourceDate "2024.11.20"]
[SourceVersion "1"]
[SourceVersionDate "2024.11.20"]
[SourceQuality "1"]

1. e4 e6 2. d4 d5 3. e5 c5 4. c3 Nc6 5. Nf3 Qb6 6. a3 c4 7. Nbd2 Na5 8. Rb1 Bd7 9. h4 Ne7 10. h5 h6 11. b4 cxb3 12. Nxb3 Ba4 13. Nfd2 Nec6 14. Bd3 Nxb3 15. Nxb3 0-0-0 16. Bc2 Qc7 17. Rh3 Kb8 18. f4 Be7 19. g4 f6 20. Qe2 fxe5 21. fxe5 Ka8 22. Nc5 Bxc5 23. Bxa4 Be7 24. Qb2 Na5 25. Bb5 Rhf8 26. a4 Nc4 27. Bxc4 dxc4 28. Be3 Qc6 29. Rg3 Bh4 0-1

[Event "Fagernes op"]
[Site "Fagernes"]
[Date "2024.03.26"]
[Round "3"]
[White "Rounaiv, Rana"]
[Black "Mihajlov, Sebastian"]
[Result "0-1"]
[WhiteElo "2099"]
[BlackElo "2373"]
[PlyCount "78"]
[EventDate "2024.03.24"]
[EventType "swiss"]
[EventRounds "9"]
[EventCountry "NOR"]
[SourceTitle "CBM 219 Extra"]
[Source "ChessBase"]
[SourceDate "2024.05.31"]
[SourceVersion "1"]
[SourceVersionDate "2024.05.31"]
[SourceQuality "1"]

1. d4 Nf6 2. c4 e6 3. Nc3 Bb4 4. Qc2 h6 5. e4 c5 6. d5 exd5 7. exd5 b5 8. Be3 0-0 9. Bd3 bxc4 10. Bxc4 Bxc3+ 11. Qxc3 d6 12. Ne2 Nbd7 13. 0-0 Nb6 14. Qd3 Re8 15. Nc3 Ng4 16. Bf4 Qf6 17. Bb5 Qxf4 18. g3 Qf5 19. Qxf5 Bxf5 20. Bxe8 Rxe8 21. Rfe1 Kf8 22. Nb5 Nc8 23. Rxe8+ Kxe8 24. f3 Nf6 25. Rd1 Kd7 26. g4 Bh7 27. Kf2 a6 28. Nc3 Nb6 29. b3 Ne8 30. f4 Nc7 31. g5 Nb5 32. Nxb5 axb5 33. gxh6 gxh6 34. Ke3 b4 35. h4 Ke7 36. Kf3 Bf5 37. Re1+ Kf6 38. a3 c4 39. axb4 cxb3 0-1

[Event "Titled Tuesday intern op 27th Jun Late"]
[Site "Chess.com INT"]
[Date "2023.06.27"]
[Round "5"]
[White "Mihajlov, Sebastian"]
[Black "He, Anthony B"]
[Result "1-0"]
[WhiteElo "2373"]
[BlackElo "2501"]
[PlyCount "149"]
[EventDate "2023.06.27"]
[EventType "swiss (blitz)"]
[EventRounds "11"]
[EventCountry "USA"]
[SourceTitle "EXT 2024"]
[Source "ChessBase"]
[SourceDate "2023.10.10"]
[SourceVersion "1"]
[SourceVersionDate "2023.10.10"]
[SourceQuality "1"]

1. e4 c5 2. Nf3 Nc6 3. d4 cxd4 4. Nxd4 Nf6 5. Nc3 d6 6. Bg5 e6 7. Qd2 a6 8. 0-0-0 Bd7 9. f4 b5 10. Bxf6 gxf6 11. Kb1 b4 12. Nce2 Qb6 13. Nxc6 Bxc6 14. f5 e5 15. Ng3 h5 16. h4 Qc5 17. Bd3 Bh6 18. Qe2 Ke7 19. Nxh5 Be3 20. g4 a5 21. Rh3 Bd4 22. g5 fxg5 23. hxg5 a4 24. Bc4 Rac8 25. f6+ Kd8 26. g6 Kc7 27. g7 Rhd8 28. Ng3 Bd7 29. Nf5 Kb6 30. Bxf7 Bb5 31. Qd2 Bc3 32. Qe3 Bd4 33. Nxd4 Ka6 34. g8Q exd4 35. Qd2 Rxg8 36. Bxg8 Rxg8 37. f7 Rf8 38. Qxd4 Qxd4 39. Rxd4 Rxf7 40. Rxd6+ Ka5 41. Kc1 Rf1+ 42. Rd1 Rf2 43. Re3 Bc4 44. b3 axb3 45. axb3 Be6 46. e5 Kb5 47. Rd2 Rf1+ 48. Kb2 Kc5 49. Rd6 Bf5 50. Rd2 Be6 51. Rd6 Bf5 52. Rf6 Rf2 53. Re4 Kd5 54. Rc4 Kxe5 55. Rb6 Be6 56. Rbxb4 Bxc4 57. Rxc4 Kd5 58. Rc8 Kd6 59. b4 Kd7 60. Rc5 Kd6 61. Kb3 Rf1 62. c3 Rh1 63. Ra5 Kc6 64. Rg5 Rh4 65. c4 Kb6 66. Rg6+ Kb7 67. b5 Rh1 68. Kb4 Rh5 69. c5 Rh4+ 70. Ka5 Rh1 71. Rg7+ Kc8 72. Kb6 Rh8 73. c6 Kb8 74. Rb7+ Kc8 75. Ra7 1-0

[Event "Titled Tuesday intern op 23rd May Late"]
[Site "Chess.com INT"]
[Date "2023.05.23"]
[Round "2"]
[White "Kohler, Aran"]
[Black "Mihajlov, Sebastian"]
[Result "0-1"]
[WhiteElo "2010"]
[BlackElo "2373"]
[PlyCount "82"]
[EventDate "2023.05.23"]
[EventType "swiss (blitz)"]
[EventRounds "11"]
[EventCountry "USA"]
[SourceTitle "EXT 2024"]
[Source "ChessBase"]
[SourceDate "2023.10.10"]
[SourceVersion "1"]
[SourceVersionDate "2023.10.10"]
[SourceQuality "1"]

1. d4 Nf6 2. c3 g6 3. Bg5 Bg7 4. Nd2 d5 5. e3 0-0 6. Bd3 c5 7. Ngf3 Nc6 8. h4 h6 9. h5 hxg5 10. hxg6 g4 11. Ng5 e5 12. gxf7+ Rxf7 13. Nxf7 Kxf7 14. dxc5 e4 15. Be2 a5 16. Qc2 Qe7 17. 0-0-0 a4 18. Kb1 Qxc5 19. a3 Be6 20. Nf1 Ne5 21. Ng3 Rh8 22. Rxh8 Bxh8 23. Ka1 b5 24. Rh1 Bg7 25. Nh5 Nxh5 26. Rxh5 Kg6 27. Rh1 Nc4 28. Bxc4 Qxc4 29. Qb1 Qb3 30. Rc1 Qc4 31. f3 Bf5 32. fxg4 Bxg4 33. Qc2 Be2 34. Re1 Bg4 35. Qf2 Qc7 36. Qh4 Be6 37. Qg3+ Qxg3 38. Re2 Qg4 39. Rd2 Bh6 40. Ka2 Bxe3 41. Rc2 d4+ 0-1

[Event "Titled Tuesday intern op 23rd May Late"]
[Site "Chess.com INT"]
[Date "2023.05.23"]
[Round "4"]
[White "Vaglio Munoz, Jaime"]
[Black "Mihajlov, Sebastian"]
[Result "0-1"]
[WhiteElo "2174"]
[BlackElo "2373"]
[PlyCount "82"]
[EventDate "2023.05.23"]
[EventType "swiss (blitz)"]
[EventRounds "11"]
[EventCountry "USA"]
[SourceTitle "EXT 2024"]
[Source "ChessBase"]
[SourceDate "2023.10.10"]
[SourceVersion "1"]
[SourceVersionDate "2023.10.10"]
[SourceQuality "1"]

1. Nf3 Nf6 2. c4 c6 3. b3 d5 4. Bb2 Bf5 5. g3 e6 6. Bg2 Nbd7 7. 0-0 Be7 8. h3 0-0 9. d3 h6 10. a3 Bh7 11. b4 a5 12. b5 cxb5 13. cxb5 a4 14. Nc3 Qa5 15. Rb1 Nc5 16. Ba1 Rfc8 17. b6 Nb3 18. Na2 Ra6 19. Nd4 Rxb6 20. Nc2 Rbc6 21. Ncb4 R6c7 22. Be5 Rc5 23. Rxb3 axb3 24. Qxb3 Nd7 25. Bd4 R5c7 26. Rb1 Nc5 27. Qb2 Bf8 28. f4 b5 29. g4 Na6 30. Kf2 Nxb4 31. Nxb4 Ra8 32. Nc2 Qa4 33. Bc3 Rac8 34. Bb4 Rxc2 35. Qd4 Bxb4 36. axb4 Rxe2+ 37. Kxe2 Qc2+ 38. Ke3 Qxb1 39. Bf3 Qe1+ 40. Be2 Qg1+ 41. Kf3 Qxd4 0-1

[Event "Titled Tuesday intern op 16th May Late"]
[Site "Chess.com INT"]
[Date "2023.05.16"]
[Round "1"]
[White "Gallasch, Jonas"]
[Black "Mihajlov, Sebastian"]
[Result "1-0"]
[WhiteElo "2296"]
[BlackElo "2373"]
[PlyCount "85"]
[EventDate "2023.05.16"]
[EventType "swiss (blitz)"]
[EventRounds "11"]
[EventCountry "USA"]
[SourceTitle "CBM 214 Extra"]
[Source "ChessBase"]
[SourceDate "2023.07.31"]
[SourceVersion "1"]
[SourceVersionDate "2023.07.31"]
[SourceQuality "1"]

1. d4 Nf6 2. c4 g6 3. Nf3 Bg7 4. g3 0-0 5. Bg2 d6 6. 0-0 Nc6 7. Nc3 Bf5 8. d5 Na5 9. Nd4 Bd7 10. b3 c5 11. dxc6 Nxc6 12. Bb2 a6 13. Nd5 Nxd5 14. Nxc6 bxc6 15. Bxg7 Kxg7 16. cxd5 c5 17. Qd2 a5 18. Qc3+ f6 19. a3 Qb6 20. Rfb1 Rab8 21. Rb2 Rb7 22. Rab1 Rfb8 23. Be4 Be8 24. Bd3 Bb5 25. Bxb5 Qxb5 26. e4 Rb6 27. Kg2 R8b7 28. h4 Qa6 29. g4 Qa8 30. g5 Rb5 31. h5 Qc8 32. f3 gxh5 33. gxf6+ exf6 34. Rg1 a4 35. b4 Kf7 36. Kh2 Qe8 37. Qd2 Qe5+ 38. Kh1 Re7 39. Qg2 Ke8 40. Qg8+ Kd7 41. Qa8 Qxb2 42. Qc6+ Kd8 43. Rg8+ 1-0

[Event "Titled Tuesday intern op 16th May Late"]
[Site "Chess.com INT"]
[Date "2023.05.16"]
[Round "10"]
[White "Mihajlov, Sebastian"]
[Black "Bluebaum, Matthias"]
[Result "0-1"]
[WhiteElo "2373"]
[BlackElo "2669"]
[PlyCount "40"]
[EventDate "2023.05.16"]
[EventType "swiss (blitz)"]
[EventRounds "11"]
[EventCountry "USA"]
[SourceTitle "CBM 214 Extra"]
[Source "ChessBase"]
[SourceDate "2023.07.31"]
[SourceVersion "1"]
[SourceVersionDate "2023.07.31"]
[SourceQuality "1"]

1. e4 e6 2. d4 d5 3. Nc3 Nf6 4. Bg5 dxe4 5. Nxe4 Be7 6. Nxf6+ Bxf6 7. Bxf6 Qxf6 8. Nf3 0-0 9. Qd3 Bd7 10. Ne5 Rd8 11. Qe3 Nc6 12. c3 Ne7 13. Nxd7 Rxd7 14. Be2 Rad8 15. 0-0 Nd5 16. Qc1 Nf4 17. Bf3 c5 18. dxc5 Rd3 19. Rd1 Rxf3 20. Rxd8+ Qxd8 0-1

[Event "Titled Tuesday intern op 16th May Late"]
[Site "Chess.com INT"]
[Date "2023.05.16"]
[Round "9"]
[White "Sarana, Alexey"]
[Black "Mihajlov, Sebastian"]
[Result "0-1"]
[WhiteElo "2685"]
[BlackElo "2373"]
[PlyCount "120"]
[EventDate "2023.05.16"]
[EventType "swiss (blitz)"]
[EventRounds "11"]
[EventCountry "USA"]
[SourceTitle "CBM 214 Extra"]
[Source "ChessBase"]
[SourceDate "2023.07.31"]
[SourceVersion "1"]
[SourceVersionDate "2023.07.31"]
[SourceQuality "1"]

1. d4 Nf6 2. c4 g6 3. Nc3 Bg7 4. e4 0-0 5. Bd3 d6 6. Nge2 Nc6 7. 0-0 e5 8. d5 Ne7 9. f3 Nd7 10. Kh1 f5 11. exf5 Nxf5 12. Ne4 h6 13. Bd2 Nf6 14. Qc2 Nxe4 15. Bxe4 g5 16. c5 Qf6 17. Rac1 Bd7 18. a4 dxc5 19. Qxc5 Bxa4 20. Qxc7 Bb5 21. Rfe1 Nd6 22. Bb4 Rfc8 23. Qxd6 Qxd6 24. Bxd6 Bxe2 25. Be7 Rxc1 26. Rxc1 Bf8 27. Rc7 Bxe7 28. Rxe7 Rd8 29. h4 gxh4 30. Kh2 Bc4 31. Rxe5 a5 32. Kh3 a4 33. Kxh4 Rd6 34. Re7 Rb6 35. d6 Rxd6 36. Rxb7 Rd2 37. g4 Bb3 38. Kh5 Rxb2 39. Kxh6 Kf8 40. Ra7 Ra2 41. g5 a3 42. g6 Rh2+ 43. Kg5 a2 44. Kf6 Ke8 45. Bf5 Kd8 46. g7 Rg2 47. f4 Rg1 48. Rd7+ Ke8 49. Ra7 a1Q+ 50. Rxa1 Rxa1 51. Bg6+ Kd8 52. f5 Bg8 53. Kg5 Ra5 54. Kf6 Ra6+ 55. Kg5 Ke7 56. Bh5 Rf6 57. Bg6 Rc6 58. Bh5 Rc5 59. Bg6 Bf7 60. Kh6 Rc1 0-1

[Event "Titled Tuesday intern op 09th May Late"]
[Site "Chess.com INT"]
[Date "2023.05.09"]
[Round "1"]
[White "Guzman Moneo, Alberto"]
[Black "Mihajlov, Sebastian"]
[Result "0-1"]
[WhiteElo "2170"]
[BlackElo "2373"]
[PlyCount "118"]
[EventDate "2023.05.09"]
[EventType "swiss (blitz)"]
[EventRounds "11"]
[EventCountry "USA"]
[SourceTitle "CBM 214 Extra"]
[Source "ChessBase"]
[SourceDate "2023.07.31"]
[SourceVersion "1"]
[SourceVersionDate "2023.07.31"]
[SourceQuality "1"]

1. Nf3 g6 2. e4 Bg7 3. d4 d6 4. Bc4 a6 5. Qe2 e6 6. Bb3 Ne7 7. c3 h6 8. Nbd2 Nbc6 9. Nf1 e5 10. dxe5 Nxe5 11. Nxe5 dxe5 12. Be3 0-0 13. Qd2 g5 14. Ng3 Ng6 15. Nh5 Nf4 16. Nxg7 Kxg7 17. Bxf4 exf4 18. 0-0-0 Qe7 19. h4 Qxe4 20. hxg5 hxg5 21. g3 Bf5 22. Qd4+ Qxd4 23. Rxd4 fxg3 24. fxg3 Rad8 25. Rxd8 Rxd8 26. Rf1 Bg6 27. g4 Rd3 28. Rg1 Rf3 29. Rg2 Rf4 30. Rg3 Rf1+ 31. Kd2 Rb1 32. Re3 Rxb2+ 33. Kc1 Rb1+ 34. Kd2 Kf6 35. Rf3+ Ke7 36. Re3+ Kf8 37. Rf3 Rg1 38. Be6 Ke7 39. Bc8 b6 40. Re3+ Kd6 41. Re8 a5 42. Rd8+ Ke5 43. Rd7 Rg2+ 44. Ke3 Rg3+ 45. Kd2 Rxg4 46. Rxc7 Rg2+ 47. Ke3 Rxa2 48. Rc6 Rb2 49. Bb7 Be4 50. Rc7 Bxb7 51. Rxb7 f5 52. Kd3 g4 53. Rg7 a4 54. Kc4 b5+ 55. Kc5 Kf4 56. Rh7 g3 57. Rh2 gxh2 58. c4 h1Q 59. cxb5 Qb7 0-1

[Event "Titled Tuesday intern op 02nd May Late"]
[Site "Chess.com INT"]
[Date "2023.05.02"]
[Round "7"]
[White "Keleberda, Timur"]
[Black "Mihajlov, Sebastian"]
[Result "1/2-1/2"]
[WhiteElo "2287"]
[BlackElo "2373"]
[PlyCount "103"]
[EventDate "2023.05.02"]
[EventType "swiss (blitz)"]
[EventRounds "11"]
[EventCountry "USA"]
[SourceTitle "EXT 2024"]
[Source "ChessBase"]
[SourceDate "2023.10.10"]
[SourceVersion "1"]
[SourceVersionDate "2023.10.10"]
[SourceQuality "1"]

1. e4 g6 2. d4 Bg7 3. Nf3 d6 4. Bc4 a6 5. 0-0 e6 6. Bb3 Ne7 7. Qe2 0-0 8. h4 h6 9. Bf4 Nbc6 10. c3 e5 11. dxe5 dxe5 12. Bg3 Bg4 13. Rd1 Qc8 14. Nbd2 Kh8 15. Qe3 f5 16. exf5 Nxf5 17. Qe4 Nxg3 18. fxg3 Bf5 19. Qa4 b5 20. Qa3 Rd8 21. Qc5 Na5 22. Nxe5 Nxb3 23. Nxb3 Qe6 24. Nf3 Be4 25. Rxd8+ Rxd8 26. Qxc7 Rf8 27. Re1 Qd5 28. Nbd2 Bxf3 29. Nxf3 Qxa2 30. Re7 Rg8 31. Ne5 Qxb2 32. Nxg6+ Kh7 33. Nf4 Qb1+ 34. Kh2 Qf5 35. Rf7 Qg4 36. Qb6 Kh8 37. Ng6+ Kh7 38. Ne7 Rf8 39. Rxf8 Bxf8 40. Nd5 Qg6 41. Qa7+ Bg7 42. Nf4 Qc6 43. Qf7 Qf6 44. Qb7 Qxc3 45. Qxa6 b4 46. Qb7 b3 47. Qe4+ Kg8 48. Qe6+ Kh7 49. Qg6+ Kg8 50. Qe6+ Kh7 51. Qf5+ Kg8 52. Qe6+ 1/2-1/2

[Event "Titled Tuesday intern op 02nd May Late"]
[Site "Chess.com INT"]
[Date "2023.05.02"]
[Round "8"]
[White "Mihajlov, Sebastian"]
[Black "Al Hosani, Omran"]
[Result "1-0"]
[WhiteElo "2373"]
[BlackElo "2270"]
[PlyCount "113"]
[EventDate "2023.05.02"]
[EventType "swiss (blitz)"]
[EventRounds "11"]
[EventCountry "USA"]
[SourceTitle "EXT 2024"]
[Source "ChessBase"]
[SourceDate "2023.10.10"]
[SourceVersion "1"]
[SourceVersionDate "2023.10.10"]
[SourceQuality "1"]

1. d4 Nf6 2. c4 e6 3. Nc3 d5 4. cxd5 exd5 5. Bg5 Be7 6. e3 0-0 7. Bd3 c6 8. Nge2 Re8 9. Qc2 Nbd7 10. 0-0 h6 11. Bh4 Ne4 12. Bxe7 Qxe7 13. Rae1 Ndf6 14. f3 Nxc3 15. Nxc3 Qd6 16. Qf2 Be6 17. a3 a6 18. Bb1 c5 19. e4 dxe4 20. dxc5 Qc7 21. Nxe4 Nxe4 22. Bxe4 Rac8 23. Rc1 Red8 24. b4 b6 25. g3 bxc5 26. Rxc5 Qd6 27. Rfc1 Rxc5 28. bxc5 Qc7 29. f4 f5 30. Bf3 Kh7 31. c6 Rd6 32. Qc5 Rd3 33. Rc3 Rd2 34. Qe3 Rd6 35. Rd3 Rxd3 36. Qxd3 Kg6 37. h4 Kf6 38. Qc3+ Kf7 39. Bh5+ Kf8 40. Qc5+ Qe7 41. Qe5 Kg8 42. c7 Qd7 43. Bf3 Kh7 44. Bb7 Qd1+ 45. Kf2 Qc2+ 46. Kg1 Qc1+ 47. Kh2 Qc2+ 48. Kh3 Qc4 49. Qxe6 Qxe6 50. c8Q Qe2 51. Qxf5+ Kh8 52. Qf8+ Kh7 53. Qf5+ Kh8 54. Bg2 Qe7 55. Qc8+ Kh7 56. Qxa6 Qe6+ 57. Qxe6 1-0

[Event "Titled Tuesday intern op 02nd May Early"]
[Site "Chess.com INT"]
[Date "2023.05.02"]
[Round "2"]
[White "Valle Luis, Leo"]
[Black "Mihajlov, Sebastian"]
[Result "1-0"]
[WhiteElo "2354"]
[BlackElo "2373"]
[PlyCount "95"]
[EventDate "2023.05.02"]
[EventType "swiss (blitz)"]
[EventRounds "11"]
[EventCountry "USA"]
[SourceTitle "EXT 2024"]
[Source "ChessBase"]
[SourceDate "2023.10.10"]
[SourceVersion "1"]
[SourceVersionDate "2023.10.10"]
[SourceQuality "1"]

1. e4 g6 2. d4 Bg7 3. f4 d6 4. Nf3 Nf6 5. Bd3 0-0 6. 0-0 c5 7. e5 Nd5 8. c3 cxd4 9. cxd4 Nc6 10. Nc3 dxe5 11. fxe5 Ndb4 12. Be4 Bg4 13. Be3 Bxf3 14. Bxf3 e6 15. a3 Na6 16. Qd2 Na5 17. Qe2 Rc8 18. Rad1 Qe7 19. Be4 Nc4 20. Bf4 Nxa3 21. d5 Nc4 22. d6 Qd7 23. Bd3 Na5 24. Ne4 Nc5 25. Bb5 Qd8 26. Bg5 Qb6 27. Be3 a6 28. Bd7 Nc4 29. Bxc8 Nxe3 30. Qxe3 Qd8 31. Qxc5 Qxc8 32. d7 Qd8 33. Qd6 h6 34. Nc5 Kh7 35. Nxb7 Qg5 36. d8Q Rxd8 37. Qxd8 Qe3+ 38. Kh1 Qxe5 39. Qd6 Qe2 40. Qd3 Qe5 41. Nd6 f5 42. Nf7 Qf6 43. Qd7 g5 44. Rde1 Qd4 45. Qxd4 Bxd4 46. Rxe6 f4 47. Rxa6 Bxb2 48. Nxh6 1-0

[Event "Titled Tuesday intern op 18th Apr Late"]
[Site "Chess.com INT"]
[Date "2023.04.18"]
[Round "1"]
[White "Mihajlov, Sebastian"]
[Black "Bogaudinov, Rushan"]
[Result "1-0"]
[WhiteElo "2373"]
[BlackElo "1939"]
[PlyCount "87"]
[EventDate "2023.04.18"]
[EventType "swiss (blitz)"]
[EventRounds "11"]
[EventCountry "USA"]
[SourceTitle "EXT 2024"]
[Source "ChessBase"]
[SourceDate "2023.10.10"]
[SourceVersion "1"]
[SourceVersionDate "2023.10.10"]
[SourceQuality "1"]

1. d4 d5 2. Nf3 Nf6 3. e3 e6 4. Bd3 c5 5. b3 Be7 6. Bb2 Nc6 7. Nbd2 0-0 8. 0-0 a6 9. a3 b5 10. dxc5 Bxc5 11. e4 Bb7 12. e5 Nd7 13. Qe2 Rc8 14. h4 Be7 15. h5 Nc5 16. Rad1 Nxd3 17. Qxd3 h6 18. Nh2 Qb6 19. Kh1 a5 20. Qg3 b4 21. a4 Nd4 22. Nc4 dxc4 23. Bxd4 Bc5 24. Bxc5 Qxc5 25. Ng4 Kh7 26. Qf4 Qc6 27. f3 Qc7 28. Rd6 Bd5 29. Ne3 cxb3 30. Nxd5 exd5 31. cxb3 Rcd8 32. Rd1 Rxd6 33. exd6 Qc6 34. Qf5+ Kg8 35. Qxd5 Qd7 36. Qxa5 Rd8 37. Qxb4 Qf5 38. Qb5 Qxb5 39. axb5 Kf8 40. Kh2 Ke8 41. Kg3 Kd7 42. Kf4 Rb8 43. Rd5 Re8 44. g4 1-0

[Event "Titled Tuesday intern op 18th Apr Late"]
[Site "Chess.com INT"]
[Date "2023.04.18"]
[Round "3"]
[White "Mihajlov, Sebastian"]
[Black "Pichot, Alan"]
[Result "0-1"]
[WhiteElo "2373"]
[BlackElo "2638"]
[PlyCount "112"]
[EventDate "2023.04.18"]
[EventType "swiss (blitz)"]
[EventRounds "11"]
[EventCountry "USA"]
[SourceTitle "EXT 2024"]
[Source "ChessBase"]
[SourceDate "2023.10.10"]
[SourceVersion "1"]
[SourceVersionDate "2023.10.10"]
[SourceQuality "1"]

1. e4 c5 2. Nf3 e6 3. d4 cxd4 4. Nxd4 Nc6 5. Nc3 Qc7 6. Be3 a6 7. Qf3 Ne5 8. Qg3 h5 9. h4 Nf6 10. 0-0-0 d6 11. Be2 Bd7 12. f4 Neg4 13. e5 dxe5 14. fxe5 Qxe5 15. Bf4 Qc5 16. Bf3 Be7 17. Nb3 Qf2 18. Bxb7 Ra7 19. Bf3 0-0 20. Rhe1 Qxg3 21. Bxg3 Bb4 22. Bd6 Bxd6 23. Rxd6 Rc8 24. Ne4 Be8 25. Nxf6+ Nxf6 26. Re5 Kf8 27. c3 Rc4 28. Rd4 Rac7 29. Rxc4 Rxc4 30. g3 Ke7 31. Kd2 Kd6 32. Ra5 Bb5 33. Nd4 Rc5 34. b4 Re5 35. a4 Bc4 36. Rxe5 Kxe5 37. Nc6+ Kd6 38. Nd4 g6 39. Ke3 e5 40. Ne2 Ng4+ 41. Kd2 f5 42. Bxg4 hxg4 43. Nc1 Kd5 44. Ke3 Bf1 45. Nd3 Bxd3 46. Kxd3 f4 47. gxf4 exf4 48. c4+ Ke5 49. a5 g3 50. Ke2 Ke4 51. b5 f3+ 52. Kf1 Ke3 53. b6 g2+ 54. Kg1 Ke2 55. b7 f2+ 56. Kh2 g1Q+ 0-1

[Event "Titled Tuesday intern op 18th Apr Late"]
[Site "Chess.com INT"]
[Date "2023.04.18"]
[Round "4"]
[White "Yeritsyan, Hayk"]
[Black "Mihajlov, Sebastian"]
[Result "0-1"]
[WhiteElo "2241"]
[BlackElo "2373"]
[PlyCount "72"]
[EventDate "2023.04.18"]
[EventType "swiss (blitz)"]
[EventRounds "11"]
[EventCountry "USA"]
[SourceTitle "EXT 2024"]
[Source "ChessBase"]
[SourceDate "2023.10.10"]
[SourceVersion "1"]
[SourceVersionDate "2023.10.10"]
[SourceQuality "1"]

1. d4 d5 2. Nf3 Nf6 3. e3 c5 4. Bd3 Nc6 5. c3 Bg4 6. Nbd2 e6 7. Qa4 Bd6 8. Ne5 c4 9. Nxc6 Qd7 10. Bc2 bxc6 11. e4 e5 12. dxe5 Bxe5 13. h3 Bh5 14. exd5 cxd5 15. Qxd7+ Kxd7 16. 0-0 Kc7 17. Re1 Bd6 18. b3 Rhe8 19. Bb2 Bf4 20. Nf3 Bxf3 21. gxf3 h6 22. bxc4 dxc4 23. Be4 Rab8 24. Ba3 Bd2 25. Red1 Rbd8 26. Bb4 Re5 27. Rab1 a5 28. Ba3 Nxe4 29. fxe4 Rd3 30. Rb2 Bxc3 31. Rbb1 Rxe4 32. Rxd3 cxd3 33. Rc1 Re1+ 34. Rxe1 Bxe1 35. Kf1 Bc3 36. Bc1 d2 0-1

[Event "Titled Tuesday intern op 04th Apr Late"]
[Site "Chess.com INT"]
[Date "2023.04.04"]
[Round "3"]
[White "Gabr, Mohsen"]
[Black "Mihajlov, Sebastian"]
[Result "0-1"]
[WhiteElo "2200"]
[BlackElo "2373"]
[PlyCount "92"]
[EventDate "2023.04.04"]
[EventType "swiss (blitz)"]
[EventRounds "11"]
[EventCountry "USA"]
[SourceTitle "EXT 2024"]
[Source "ChessBase"]
[SourceDate "2023.10.10"]
[SourceVersion "1"]
[SourceVersionDate "2023.10.10"]
[SourceQuality "1"]

1. e4 g6 2. d4 Bg7 3. Nc3 d6 4. Be3 a6 5. f3 b5 6. a3 Nd7 7. g4 Bb7 8. h4 h6 9. h5 g5 10. Nge2 c5 11. Ng3 e6 12. Qd2 cxd4 13. Bxd4 Ne5 14. Be2 Qc7 15. 0-0-0 Ne7 16. Kb1 N7c6 17. Be3 0-0-0 18. Qe1 Na5 19. Qf2 Nac4 20. Bd4 Kb8 21. Nf1 Rc8 22. Ne3 Na5 23. Ned5 exd5 24. Bb6 Qd7 25. Bxa5 dxe4 26. Nxe4 Bxe4 27. fxe4 Qc6 28. c3 Qxe4+ 29. Ka1 Qc6 30. Bb4 Rhd8 31. Rh3 d5 32. Bf3 Nxf3 33. Rxf3 d4 34. Rxf7 Rd7 35. Rxd7 Qxd7 36. cxd4 Qxg4 37. Rf1 Qxd4 38. Qh2+ Ka8 39. Bc3 Rxc3 40. bxc3 Qxc3+ 41. Ka2 Qc4+ 42. Kb1 Qxf1+ 43. Kc2 Qc4+ 44. Kd2 Qd4+ 45. Kc2 Qb2+ 46. Kd1 Qxh2 0-1